000 00702nam a2200241Ia 4500
003 OSt
005 20220928103349.0
006 a|||||r|||| 00| 0
007 ta
008 220927b |||||||| |||| 00| 0 eng d
024 _a57369
037 _cTextual
040 _aSDCL
_cSDCL
_beng
041 _2eng
_aeng
082 _aV4653:28'N7, L8
100 _aNachmias David
_9403748
245 0 _aBureaucratic culture
_b Citizens and administrators in Israel
260 _aLondon
_bCroom Helm
_c1978
300 _a212p
_ccm.
700 _a Rosenbloom David H
_9403749
942 _hV4653:28'N7, L8
_cTEXL
_2CC
999 _c719518
_d719518